000 01097cam a22003014a 4500
999 _c7121
_d7121
001 12858424
003 OSt
005 20210903143957.0
008 020717s2002 nyua b 001 0 eng
010 _a 2002511022
020 _a0471224812
040 _aDLC
_cDDC
_dDLC
042 _apcc
050 0 0 _aQD478
_b.D36 2002
082 0 0 _a540DAN2002
100 1 _aDann, Sandra E.
_913678
245 1 0 _aReactions and characterization of solids /
_cEdited by Dann,Sandra E.
260 _aNew York :
_bWiley-Interscience,
_cc2002.
300 _avi,201p. :
_bill. (some col.) ;
_c25 cm.
440 0 _aBasic concepts in chemistry
_914669
504 _aIncludes; bibliographical references and index.
650 0 _aChemistry
_9797
856 4 2 _3Publisher description
_uhttp://www.loc.gov/catdir/description/wiley0310/2002511022.html
856 4 1 _3Table of contents
_uhttp://www.loc.gov/catdir/toc/wiley023/2002511022.html
906 _a7
_bcbc
_corignew
_d2
_encip
_f20
_gy-gencatlg
942 _2ddc
_cO_SHELF